000 00736nam a2200241Ia 4500
008 160803s9999 xx 000 0 und d
020 _a0439833841 (pbk.)
100 _aBerger, Melvin
245 _aDid it take creativity to find relativity, Albert Einstein? /
245 _cMelvin and Gilda Berger ; illustrated by Brandon Dorman.
260 _aNew York :
260 _bScholastic Inc.
260 _c2007
300 _a48 pages :
300 _billustrations (some color) ;
300 _c23 cm.
440 _aScholastic science supergiants
650 _aDiscoveries in science --
650 _aEinstein, Albert, 1879-1955 --
650 _xJuvenile literature.
650 _xJuvenile literature.
700 _a760
999 _c299245
_d299245